Spotlight on CBI (Record no. 481676)

000 -LEADER
fixed length control field 00344cam a22001097a 4500
008 - FIXED-LENGTH DATA ELEMENTS--GENERAL INFORMATION
fixed length control field 180718bn.d. xxu||||| |||| 00| 0 eng d
082 ## - DEWEY DECIMAL CLASSIFICATION NUMBER
Classification number N45x54 C
245 ## - TITLE STATEMENT
Title Spotlight on CBI
Statement of responsibility, etc. by Central Bureau of Investigation
260 ## - PUBLICATION, DISTRIBUTION, ETC.
Place of publication, distribution, etc. New Delhi
Name of publisher, distributor, etc. Central Bureau of Investigation
Date of publication, distribution, etc. n.d.
300 ## - PHYSICAL DESCRIPTION
Extent 16p.
700 ## - ADDED ENTRY--PERSONAL NAME
Personal name India. Central Bureau of Investigation
Holdings
Withdrawn status Lost status Damaged status Not for loan Permanent Location Current Location Date acquired Full call number Barcode Date last seen Price effective from Koha item type
        Indian Institute of Public Administration Indian Institute of Public Administration 2018-08-04 N45x54 C GG12964 2018-08-04 2018-08-04 GG

Powered by Koha